000 00540nam a2200181Ia 4500
999 _c3802
_d3802
003 OSt
005 20200818112458.0
008 190216s9999||||xx |||||||||||||| ||und||
020 _a9780748775163
040 _coclc
082 _a541.0421
_bSMA/S
100 _aSmart, Lesley E
_94179
245 0 _aSolid State Chemistry An Introduction /
_cLesley E Smart ; Elaine A Moore
250 _a3rd Ed.
260 _bTaylor&Francise,
_c2005.
_aLondon:
300 _a407p
942 _cBK
_2ddc
_h541.0421
_iSMA/S
_k541.0421
_mSMA/S